| 000 | 00859cab a2200229 4500 | ||
|---|---|---|---|
| 001 | WB3014-86 | ||
| 008 | 090401t1994 xxu||||| |||| 00| 0 eng d | ||
| 035 | _a(Sirsi) u24472 | ||
| 041 | _aeng | ||
| 245 | _aDischarge of restrictive covenants | ||
| 260 | _c1994 | ||
| 350 | _a0 | ||
| 490 |
_aEstates Gazette Case Summaries _v1994 EGCS 57 (2/4/94) |
||
| 520 | _aIn "Re Beechwood Homes Ltd and others", CA 15 March 1994, applicants applied under Law of Property Act 1925 s84(1) for an order to discharge a restrictive covenant stopping construction of a road on the grounds that it ought to be deemed obsolete. | ||
| 650 | _aLAW OF PROPERTY ACT 1925 S84(1) | ||
| 650 | _aNON-DEROGATION FROM GRANT | ||
| 650 | _aRESTRICTIVE COVENANTS | ||
| 650 | _aRIGHTS OF WAY | ||
| 690 | _aPROPERTY LAW AND PRACTICE-CASE LAW | ||
| 942 | _n0 | ||
| 948 | _c04/03/1997 | ||
| 999 |
_c16411 _d16411 |
||